000 00181 a2200097 4500
001 3664
100 _aHasan, J
245 _aPakistan
260 _a
_bUnited
_c
090 _c2925
_d2925
942 _aNUST-CAE
_c
_c21391
999 _c238737
_d238737